Tablicy atomnych volnovych funkcij

Enregistré dans:
Détails bibliographiques
Format: Livre
Langue:russe
Publié: Alma - Ata : Nauka, 1974
Sujets:
Tags: Ajouter un tag
Pas de tags, Soyez le premier à ajouter un tag!

MARC

LEADER 00000nam a22000003a 4500
001 stu85557
005 20141121204023.1
008 040401s1974----xxr-----------------rus-d
040 |a STU  |b slo 
041 0 |a rus 
044 |a xxr 
080 |a 539.192  |7 stu_us_auth*stu451 
245 |a Tablicy atomnych volnovych funkcij 
260 |a Alma - Ata :  |b Nauka,  |c 1974 
300 |a 193 s 
650 7 |a vlnové funkcie  |2 stusub 
996 |b 284J020343  |c J*44649  |l JJSK  |s A  |a 24  |w stu85557_0001